Best-selling Albums of All Time - Statistics

General Stats
  • This quiz has been taken 153 times
  • The average score is 9 of 20
Answer Stats
Hint Answer % Correct
1. Michael Jackson- 1982 Thriller
100%
4. Pink Floyd- 1973 The Dark Side of the Moon
82%
2. AC/DC- 1980 Back In Black
74%
7. Eagles- 1976 Hotel California
74%
12. Michael Jackson- 1987 Bad
70%
9. Fleetwod Mac- 1977 Rumours
65%
16. Adele- 2011 21
56%
10. Bee Gees and various artists- 1977 Saturday Night Fever
51%
3. Whitney Houston and various artists-1992 The Bodyguard
50%
11. Led Zeppelin- 1971 Led Zeppelin IV
48%
5. Eagles- 1976 Their Greatest Hits (1971-1975)
48%
6. Meat Loaf- 1977 Bat Out of Hell
47%
17. The Beatles- 2000 1
38%
18. Metallica- 1991 Metallica
38%
8. Shania Twain 1997 Come on Over
20%
14. Various Artists- 1987 Dirty Dancing
8%
15. Celine Dion- 1996 Falling into You
8%
19. Celine Dion- 1997 Let's talk About Love
7%
13. Alanis Morisette- 1995 Jagged Litlle Pill
2%
20. Bob Marley- 1984 Legend: The Best of Bob Marley & The Wailers
2%
No matching quizzes found
Score Distribution
Percent of People with Each Score
Percentile by Number Answered
Your Score History
You have not taken this quiz